000 00312nam a22001217a 4500
008 160507b xxu||||| |||| 00| 0 eng d
020 _a9780071488693
020 _a0071488693
041 _aeng
080 _a615
245 _aPharmacology:
_cAnthony J. Trevor; Bertram G. Katzung; Susan Masters;
942 _2udc
_cBK
999 _c1881
_d1881